タレントCM起用社数ランキング 〜女性〜 - Statistics

General Stats
  • This quiz has been taken 102 times
  • The average score is 6 of 17
Answer Stats
名前 起用社数 職業 % Correct
2022 芦田愛菜 17社 女優、元子役
75%
広瀬すず 14社 女優
65%
2023 川口春奈 21社 女優
57%
2024 川口春奈 24社 女優、ファッションモデル
57%
2011 大島優子 19社 女優、元アイドル
47%
2020 今田美桜 14社 女優、ファッションモデル
41%
2021 本田翼 16社 女優、ユーチューバー
41%
2019 渡辺直美 16社 お笑いタレント、インフルエンサー
40%
2012 板野友美 20社 モデル、元アイドル
32%
2018 白石麻衣 18社 女優、元アイドル
30%
2010 上戸彩 13社 女優
28%
2015 上戸彩 13社 女優
28%
篠田麻里子 20社 女優、元アイドル
23%
2014 ローラ 14社 タレント
22%
2017 ローラ 15社 タレント
22%
2013 武井咲 17社 女優
6%
2016 吉田羊 13社 女優
6%
No matching quizzes found
Score Distribution
Percent of People with Each Score
Percentile by Number Answered
Your Score History
You have not taken this quiz